000
00314nam a2200109Ia 4500
008
200302s9999 xx 000 0 und d
100
_a
Paul Arden
245
_a
It's not how good you are, It's how to good you want to be. The World's best-selling
260
_b
Phaidon Press Ltd.
260
_c
2003
300
_a
127 p.,
999
_c
4179
_d
4179